000 01644cam a22004814i 4500
003 PE-LiUPU
005 20250731173529.0
008 150616s r 000 0 d
020 _a0830817751
035 _a(Sirsi) i9780830817757
040 _aPE-LiUPU
_bspa
_cPE-LiUPU
_erda
049 _aPRUA
082 0 4 _a261.515
_bJ72
_221
100 1 _aJones, Stanton L.,
_eautor.
245 1 0 _aModern Psychotherapies.
264 1 _aIllinois :
_bInterVarsity Press,
_c1991.
300 _a417 páginas ;
_c24 centímetros
336 _atext
_2rdacontent
337 _aunmediated
_2rdamedia
338 _avolume
_2rdacarrier
504 _aBibliografía al final de cada capáginas
505 0 _aThe dynamic psychologies.- The beharovial psychologies.- The humanistic psychologies.- The family system psychologies.- Toward Christian psychologies.
526 _aSEG42
526 _aSEG41
526 _aSEG40
526 _aSEG39
526 _aP94
526 _aP87
526 _aP86
526 _aP85
526 _aP77
526 _aP76
526 _aP35
650 0 4 _aPSICOTERAPIA - ASPECTOS RELIGIOSOS.
700 1 _aButman, Richard E.
910 _ajck
_bjvq
_cjck
942 _2ddc
_cBOOK
949 _a261.515 J72
_wDEWEY
_c1
_i42229
_lCCODEBUL1
_mBUL
_r0
_sY
_tBOOK
_u2015-6-16
_xTEOLOGIA
_zUNKNOWN
_0COMPRA
_o.STAFF. Colección General
994 _aC0
_bPEPRU
596 _a1
999 _a261.515 J72
_wDEWEY
_c60059
_i42229
_f2021-11-10
_g5
_lCCODEBUL1
_mBUL
_r0
_sY
_tBOOK
_u2015-6-16
_xTEOLOGIA
_zUNKNOWN
_0COMPRA
_o.STAFF. Colección General
_d60059
980 _81
_gALBERTO SANCHEZ Responsable de Automatización